Deporte y derechos fundamentales

Detalles Bibliográficos
Autor principal: Gutiřrez Gm̤ez, Jess︢ Eduardo
Formato: eBook
Lenguaje:español
Publicado: Madrid: Marcial Pons, 2018
Materias:
Acceso en línea:Acceso restringido

MARC

LEADER 00000nam a22000007a 4500
005 20211102214250.0
007 cr|||| ||||
008 211102s2018 es |||||s|||| 00||0 spa d
020 |a 978-84-9123-707-5 
035 |a 33635 
040 |a vLex 
090 |c 12627  |d 12627 
100 1 |a Gutiřrez Gm̤ez, Jess︢ Eduardo 
245 1 0 |a Deporte y derechos fundamentales  |h [Recurso electrn̤ico] /  |c Jess︢ Eduardo Gutiřrez Gm̤ez 
256 |a Servicio en ln̕ea 
260 |a Madrid:  |b Marcial Pons,  |c 2018 
300 |a 1 recurso electrn̤ico 
500 |a El presente libro, a lo largo de sus pg̀inas, trata de hacerse eco desde una mirada esencialmente jurd̕ica de un fenm̤eno de actualidad, como es el deporte, analizǹdolo desde la perspectiva de algunos de los derechos fundamentales que le afectan. El libro se presenta en diversos capt̕ulos, que van desde el estudio del deporte como una actividad social de masas, tanto del deporte profesional como el deporte de recreo, pasando por su proteccin̤ jurd̕ica, en la que se incluye una breve referencia al m̀bito administrativo e internacional con las diferentes disposiciones legales y normas internacionales. El nc︢leo central de este trabajo lo constituye, en primer lugar, un anl̀isis pormenorizado de la proteccin̤ penal a travš de las distintas figuras delictivas que lo regulan, como lo son la corrupcin̤ en el m̀bito del deporte y el delito de dopaje deportivo. Y, en segundo lugar, y sin querer abarcar toda la materia, es objeto primordial el estudio de los derechos fundamentales en el m̀bito del deporte, refiriňdose a aquellos que ms̀ inciden en el mismo, como son el derecho a la libertad personal, el derecho a la intimidad personal, el derecho a la salud, etcťera. Y, por l︢timo, se aborda el tema de las personas jurd̕icas, cuestin̤ de plena actualidad en el mundo del Derecho, y l︢timamente en el campo del Derecho penal, donde existe una extensa literatura, dado que una buena parte de la delincuencia moderna se comete a travš no solo de personas individuales, sino que suelen adoptar y estar integradas y actuar al amparo y bajo el paraguas de una persona jurd̕ica. Esta obra no pretende ser un compendio completo de lo que es el deporte, sino un anl̀isis jurd̕ico de alguno de sus aspectos ms̀ relevantes y actuales y una llamada a la vigencia dentro del mismo de los derechos fundamentales y a su proteccin̤, desde todos los m̀bitos, tanto nacional como internacional. 
506 1 |a Disponible solo en los productos indicados  |d vLex Global  |d vLex Global (Academic Edition, excluding Law Schools)  |d vLex Global (U.S. Academic Edition, Law Schools)  |d vLex Global (U.S. Academic Edition, excluding Law Schools)  |d vLex Global (Academic Edition, Law Schools) 
650 0 4 |a Deporte  |z Espaą 
650 0 4 |a Derecho Constitucional  |z Espaą 
740 0 |a vLex Libros (Servicio en ln̕ea) 
856 |u https://app.vlex.com/#/sources/33635  |z Acceso restringido 
942 |c BOOK 
999 0 |a Sport 
999 0 |a Constitutional Law